000 00629cam a2200217 4500500
005 20260405001505.0
041 _afre
042 _adc
100 1 0 _aPortevin, Catherine
_eauthor
245 0 0 _aLa post-démocratie
260 _c2013.
500 _a43
690 _aBeppe Grillo
690 _aCatherine Portevin
690 _aDémocratie
690 _aÉlections
690 _aPolitique
690 _aPost-démocratie
786 0 _nPhilosophie magazine | 69 | 5 | 2013-05-01 | p. 52-52 | 1951-1787
856 4 1 _uhttps://shs.cairn.info/magazine-philosophie-magazine-2013-5-page-52?lang=fr&redirect-ssocas=7080
999 _c2048217
_d2048217